|
|
|
|
| LEADER |
00000nam0a2200000 4500 |
| 001 |
340278 |
| 005 |
20231102005225.0 |
| 010 |
|
|
|a 9787560054025
|
| 035 |
|
|
|a (RuTPU)RU\TPU\book\367026
|
| 035 |
|
|
|a RU\TPU\book\367025
|
| 090 |
|
|
|a 340278
|
| 100 |
|
|
|a 20180313d2008 m y0rusy50 ca
|
| 101 |
0 |
|
|a rus
|a chi
|
| 102 |
|
|
|a CN
|
| 105 |
|
|
|a y z 000ay
|
| 200 |
1 |
|
|a Избранные стихотворения
|f С. А. Есенин
|g гл. ред. Чан Чи Хва
|
| 210 |
|
|
|a Пекин
|c Изд-во Пекинского университета иностранных языков
|d 2008
|
| 215 |
|
|
|a 276 с.
|
| 300 |
|
|
|a Книга на кит. яз.
|
| 606 |
1 |
|
|a Китайский язык
|2 stltpush
|3 (RuTPU)RU\TPU\subj\14450
|9 40833
|
| 606 |
1 |
|
|a Русский язык
|x Хрестоматии для нерусских
|2 stltpush
|3 (RuTPU)RU\TPU\subj\26402
|9 50342
|
| 606 |
1 |
|
|a Китайская литература
|2 stltpush
|3 (RuTPU)RU\TPU\subj\14444
|9 40827
|
| 610 |
1 |
|
|a русская литература
|
| 610 |
1 |
|
|a поэзия
|
| 610 |
1 |
|
|a стихи
|
| 610 |
1 |
|
|a русский язык для иностранцев
|
| 610 |
1 |
|
|a классика
|
| 675 |
|
|
|a 895.1
|v 3
|
| 686 |
|
|
|a Ш171.11
|v LBC/SL-A
|2 rubbk
|
| 686 |
|
|
|a Ш141.2-96
|v LBC/SL-A
|2 rubbk
|
| 700 |
|
1 |
|a Есенин
|b С. А.
|c русский поэт
|f 1895-1925
|g Сергей Александрович
|2 stltpush
|3 (RuTPU)RU\TPU\pers\169
|9 91
|
| 702 |
|
0 |
|a Чан Чи Хва
|4 651
|
| 801 |
|
1 |
|a RU
|b 63413507
|c 20180313
|
| 801 |
|
2 |
|a RU
|b 63413507
|c 20210323
|g RCR
|
| 942 |
|
|
|c BK
|